01229nam a22003014a 4500001000400000003000800004005001700012008004100029020001800070040000800088041000800096082001800104100002100122245005300143260004000196300001900236500000700255520035000262650003100612650003400643650002100677650003100698655001600729655001900745942001500764952013500779999001300914503BR-IBIA20260129100350.0170815s2016 bl a g 000 f por  a9788580091403 bpor hpor04aB869.3bM433a aMatos, Rui9108310aAgnus Dei :bno mar de água doce /cRui Matos. aCuiabábCarlini & Caniato,c2016. a287p. :bil. ; a  aNo Pantanal, o ritmo das águas rege a vida e os sentimentos em um oceano adocicado pela paixão. O romance vivenciado na década de 1930, no bucólico arraial de Poconé, fundado em 1777, a 100 quilômetros de Cuiabá, capital de Mato Grosso, é uma grande paixão que se fundiu aos mistérios da maior planície alagada do Planeta.  0aLiteratura Brasileira9205 0aFicção regionalista91084 0aVida rural91047 0aCotidiano pantaneiro91085 aRomance923 aFicção922 2ddcn0cBK 00102ddc40708FICaBIBIBbBIBIBcLEd2026-01-29edoaçãol0oB869.3 / M433ap2026-17438r2026-01-29 09:13:30w2026-01-29yBK c503d503